000 01665nam a2200517 a 4500
001 22261
003 VRT
005 20260324150243.0
008 240313s2015 xo g 000 f slo
015 _aSNBA2015/09
020 _a9788096996841
_q(brož.)
035 _aFFC92DD5-A998-4650-B81C-4B8846CDD682
035 _aurn:nbn:sk:snk-aml6hw
035 _aurn:nbn:sk:snk-am008ulb
039 9 _a202403131538
_bVLOAD
_c202305090934
_dAUTHORITY
_c202003200841
_dmbpksh04
_c201610041342
_dmtotk19
040 _aPPPK
_bslo
_cPPPK
_dSNK
_eAACR2
041 0 _aslo
044 _axo
_cSK
072 7 _a821.162.4-3
_xSlovenská próza
_2konspekt
080 _a821.162.4-31
_22001
100 1 _aJarkovská, Erika,
_d1965-
_4aut
245 1 0 _aMŕtvi nemôžu milovať
_b[skutočný príbeh, ktorý sa nikdy nestal]
_cErika Jarkovská
260 _a[Bratislava]
_bBESTSELER
_c2015
300 _a196 s.
_c18 cm
500 _aMiesto vydania uvedené podľa ISBN
655 7 _aslovenské romány
_2SNKPH
655 7 _aSlovak fiction
_2SNKPHeng
910 _apppk
910 _apokpoh
910 _abjkdg
910 _avthk
910 _attkjf
910 _ahevk
910 _asllk
910 _askpk
910 _asvkbb
910 _asnk
910 _atotk
910 _abpksh
942 _2ddc
_cKLDO
_n0
949 _6270001000506375
_asvkbbA 145473
_bsvkbbm 755411
_pObsahuje venovanie autorky
949 _617A1171131
_asnkSD 84518 D1
_bsnk2015/26122
_o1881/2015
949 _617A1171164
_asnkSD 84518
_bsnk2015/26097
_o1881/15
_s6100:20150928
949 _63869A14685
_abpksh821.162.4-31
_bbpksh72610
999 _c22261
_d22261